000 00744nam a2200265Ia 4500
003 OSt
005 20220925222929.0
006 a|||||r|||| 00| 0
007 ta
008 220923b |||||||| |||| 00| 0 eng d
020 _a0 03 910139 8
037 _cGeneral Book
040 _aRTL
_cRTL
_beng
041 _2eng
_aeng
082 _aX:51b4, L3
100 _aElliott Ken
_9288589
245 0 _aResearch methods in marketing
260 _aLondon
_bRinehart and Winston
_c1973
300 _a248p
_ccm.
500 _aBibliography chapterwise
650 _aMarketing
_915998
700 _a Christopher Martin
_9128397
942 _hX:51b4, L3
_cGB
_2CC
999 _c578186
_d578186